000 01242nam a2200337 i 4500
001 28082
003 Mx-PuUPA
005 20260604120224.0
008 140415d1999 mx a gr 001 0 spa d
020 _a9687427922
040 _aMx-PuUPA
_bspa
_cMx-PuUPA
_dMx-PuUPA
_erda
041 0 _aspa
043 _an-mx---
100 1 _aDomínguez Orozco, Jaime,
_918112
_eautor
245 1 0 _aEscuelas :
_brégimen jurídico-fiscal /
_cJaime Domínguez Orozco, Cuauhtémoc Reséndiz Núñez
250 _aSegunda edición /
_bmayo
264 1 _aMéxico, D.F. :
_bEdiciones Fiscales ISEF ;
_c1999
300 1 _a256 páginas :
_bilustraciones (blanco y negro) ;
336 _2rdacontent
_atexto
_btxt
337 _2rdamedia
_asin medio
_bn
338 _2rdacarrier
_avolumen
_bnc
650 7 _2armarc
_aEducación superior
_xLegislación
_zMéxico
650 7 _2armarc
_aUniversidades
_xLegislación
_zMéxico
650 7 _2armarc
_aEducación
_xLegislación
_zMéxico
650 7 _2armarc
_aEscuelas privadas
_xLegislación
_zMéxico
650 7 _2armarc
_aImpuestos
_xLegislación
_zMéxico
700 1 _aReséndiz Núñez, Cuauhtémoc,
_eautor
942 _2ddc
_cLI
_h344.72072
_iD66
999 _c28082
_d28082